000 00557nam a2200217Ia 4500
008 101110s9999 xx 000 0 und d
041 _aENGLISH
082 _bSR31366
100 _aBhattacharya S.S.
245 _aZoology FYBSC Vol.I (Part-II)
260 _c2009
_b Sheth publishers,Mumbai
300 _a201
365 _b90
520 _aBiology/Zoology
546 _aENGLISH
630 _aZoology FYBSC Vol.I (Part-II)
650 _aBiology/Zoology
655 _aBiology/Zoology
730 _aZoology FYBSC Vol.I (Part-II)
942 _cBOOK
999 _c823868
_d823865